| 000 | 00937nam0a2200289 i 4500 | ||
|---|---|---|---|
| 001 | RU\NLR\bibl\1907955 | ||
| 005 | 20240725222955.0 | ||
| 010 |
_a9785905071041 _91000 |
||
| 021 |
_aRU _b2012-33823 _92515 |
||
| 035 | _a(NLR Aleph) 001897515 | ||
| 090 |
_a3003530 _c3003530 |
||
| 100 | _a20120530d2011 u y0rusy50 ca | ||
| 101 | 0 | _arus | |
| 102 | _aRU | ||
| 105 | _ay ||||||||| | ||
| 200 | 1 |
_aFlэш! _eроман, повести _fДанила Ленский |
|
| 210 |
_aЯкутск _cПлазма _d2011 |
||
| 215 |
_a445, [1] c. _d21 |
||
| 327 | 1 | _aСодерж.: роман: Иdиоtка ; повести: Один-одинственный. Исповедь диджея ; Щепка | |
| 686 | _aШ6(2=Р)8-440.4 | ||
| 700 | 1 |
_aЛенский _bД. О. _gДанила О _4070 |
|
| 801 | 0 |
_aRU _bNLR _c20120530 _gRCR |
|
| 801 | 1 |
_aRU _bNLR _c20120530 |
|
| 942 | _cBOOK | ||
| 980 | _aNBR | ||